[Event "TCh-RUS Blitz w 2021"]
[Site "?"]
[Date "2021.10.14"]
[Round "5"]
[White "Nazarova, Anastasia"]
[Black "Niyazgulova, Marina"]
[Result "0-1"]
[WhiteElo "2216"]
[BlackElo "2227"]
[PlyCount "84"]
[EventDate "2021.10.14"]
[EventType "schev (blitz)"]
[SourceDate "2021.11.06"]
[SourceVersionDate "2021.11.06"]

1. e4 d5 2. exd5 Qxd5 3. Nc3 Qd6 4. d4 Nf6 5. Nf3 c6 6. g3 Bg4 7. Bg2 e6 8. O-O
Nbd7 9. Bf4 Qb4 10. Rb1 Be7 11. a3 Qa5 12. h3 Bxf3 13. Qxf3 O-O 14. b4 Qd8 15.
g4 Nb6 16. Qd3 Nfd5 17. Bg3 Nxc3 18. Qxc3 Bf6 19. Be5 Qe7 20. Rfe1 Rfd8 21. Qg3
Nc4 22. Qc3 Nb6 23. Rbd1 h6 24. Qg3 Nc4 25. Qc3 Nb6 26. Rf1 Rd7 27. f4 Rad8 28.
Rde1 Bxe5 29. dxe5 Rd2 30. f5 exf5 31. Rxf5 Qh4 32. Qf3 Qxe1+ 33. Kh2 Rf8 34.
c3 Qe2 35. Qg3 Nd5 36. Rf3 Rc2 37. c4 Nb6 38. c5 Nd5 39. e6 fxe6 40. Rxf8+ Kxf8
41. Qb8+ Kf7 42. Qxb7+ Kg6 0-1

[Event "TCh-RUS Blitz w 2021"]
[Site "?"]
[Date "2021.10.14"]
[Round "7"]
[White "Potapova, Margarita"]
[Black "Nazarova, Anastasia"]
[Result "1/2-1/2"]
[WhiteElo "2257"]
[BlackElo "2216"]
[PlyCount "94"]
[EventDate "2021.10.14"]
[EventType "schev (blitz)"]
[SourceDate "2021.11.06"]
[SourceVersionDate "2021.11.06"]

1. d4 Nf6 2. c4 g6 3. Nc3 Bg7 4. e4 d6 5. h3 O-O 6. Be3 e5 7. d5 a5 8. g4 Na6
9. Nge2 Nd7 10. Ng3 Ndc5 11. Be2 c6 12. Qd2 cxd5 13. cxd5 Bd7 14. h4 Rb8 15. h5
b5 16. Bh6 Bf6 17. Kf1 Re8 18. Nd1 b4 19. Ne3 Bg5 20. Bxg5 Qxg5 21. Nc4 Qxd2
22. Nxd2 Bb5 23. Bxb5 Rxb5 24. Nc4 Rd8 25. Ke2 Nb7 26. Rac1 Nac5 27. f3 a4 28.
hxg6 fxg6 29. Ke3 Rd7 30. g5 Nd8 31. Nf1 Nf7 32. Rg1 Rb8 33. Nxd6 Nxd6 34. Rxc5
Rc8 35. Rxc8+ Nxc8 36. Nh2 Rc7 37. Kd3 b3 38. axb3 axb3 39. Ng4 Rc2 40. Ra1 Nb6
41. Ra6 Nc4 42. d6 Nxb2+ 43. Ke3 Nc4+ 44. Kd3 Nb2+ 45. Ke3 Nc4+ 46. Kd3 Nb2+
47. Ke3 Nc4+ 1/2-1/2

[Event "Norway Chess Open Masters 2021"]
[Site "?"]
[Date "2021.09.10"]
[Round "1"]
[White "Dragnev, Valentin"]
[Black "Paasikangas, Johanna"]
[Result "1-0"]
[WhiteElo "2551"]
[BlackElo "2163"]
[PlyCount "39"]
[EventDate "2021.09.10"]
[SourceDate "2021.11.06"]
[SourceVersionDate "2021.11.06"]

1. d4 Nf6 2. Nf3 g6 3. Nc3 Bg7 4. e4 d6 5. Be3 O-O 6. Qd2 Ng4 7. Bf4 e5 8. dxe5
Nxe5 9. O-O-O Nxf3 10. gxf3 Nc6 11. h4 Be6 12. h5 Re8 13. Bh6 Qf6 14. Bxg7 Qxg7
15. f4 f5 16. hxg6 hxg6 17. exf5 Bxf5 18. Bh3 Qf7 19. Bxf5 Qxf5 20. Nd5 1-0

[Event "Norway Chess Open Masters 2021"]
[Site "?"]
[Date "2021.09.12"]
[Round "3"]
[White "Kvaloy, Aksel Bu"]
[Black "Paasikangas, Johanna"]
[Result "1-0"]
[WhiteElo "2247"]
[BlackElo "2163"]
[PlyCount "95"]
[EventDate "2021.09.10"]
[SourceDate "2021.11.06"]
[SourceVersionDate "2021.11.06"]

1. e4 c5 2. Nf3 d6 3. Bb5+ Bd7 4. Bxd7+ Nxd7 5. O-O g6 6. c3 Ngf6 7. Qe2 Bg7 8.
d4 e5 9. dxe5 dxe5 10. Nbd2 O-O 11. a4 Qc7 12. Nc4 Rfe8 13. Bg5 Qc6 14. Rfd1
Re6 15. Bxf6 Nxf6 16. Ng5 Re7 17. Rd6 Qe8 18. b3 h6 19. Nf3 b5 20. axb5 Qxb5
21. Nfd2 Rd7 22. Rxd7 Nxd7 23. Ra5 Qb7 24. h4 h5 25. Nd6 Qc7 26. N2c4 Bf8 27.
Qd3 Nf6 28. Nb5 Qe7 29. Ne3 a6 30. Na3 Rd8 31. Qc2 Ng4 32. Nxg4 hxg4 33. g3 Qf6
34. Nc4 Qf3 35. Ra1 f6 36. Ne3 f5 37. Rxa6 Bh6 38. Rxg6+ Kh7 39. Rxh6+ Kxh6 40.
Qa2 fxe4 41. Qa6+ Kh5 42. Qb7 Rd6 43. Qh7+ Rh6 44. Qg8 Rg6 45. Qh8+ Rh6 46.
Qe8+ Rg6 47. Qxe5+ Kh6 48. Qh8# 1-0

[Event "Norway Chess Open Masters 2021"]
[Site "?"]
[Date "2021.09.13"]
[Round "5"]
[White "Iniyan, P."]
[Black "Paasikangas, Johanna"]
[Result "1-0"]
[WhiteElo "2522"]
[BlackElo "2163"]
[PlyCount "81"]
[EventDate "2021.09.10"]
[SourceDate "2021.11.06"]
[SourceVersionDate "2021.11.06"]

1. d4 Nf6 2. c4 g6 3. Nc3 Bg7 4. e4 d6 5. Nf3 O-O 6. Be2 e5 7. O-O Nc6 8. d5
Ne7 9. b4 a5 10. bxa5 Rxa5 11. a4 Nd7 12. Nd2 f5 13. Nb3 Ra8 14. f3 f4 15. Ba3
g5 16. c5 Nf6 17. a5 h5 18. Nb5 Ne8 19. Rc1 Rf6 20. Rc3 Rg6 21. Qc2 Bd7 22.
Nxc7 Nxc7 23. cxd6 Ncxd5 24. dxe7 Nxe7 25. Rd3 Nc6 26. Qc4+ Kh7 27. Qf7 Nd4 28.
Nxd4 exd4 29. Rxd4 Qxa5 30. Rxd7 Qxa3 31. Bd3 Qc5+ 32. Kh1 Rf8 33. Qd5 Rc6 34.
e5+ Kh8 35. Qe4 Rh6 36. e6 Qc8 37. Re1 Re8 38. Rxg7 Kxg7 39. Qe5+ Kf8 40. Qf5+
Ke7 41. Qxg5+ 1-0

[Event "Norway Chess Open Masters 2021"]
[Site "?"]
[Date "2021.09.14"]
[Round "6"]
[White "Paasikangas, Johanna"]
[Black "Verbin, Valentina"]
[Result "1-0"]
[WhiteElo "2163"]
[BlackElo "2039"]
[PlyCount "81"]
[EventDate "2021.09.10"]
[SourceDate "2021.11.06"]
[SourceVersionDate "2021.11.06"]

1. d4 Nf6 2. Bf4 d5 3. e3 c5 4. c3 Nc6 5. Bd3 Qb6 6. b3 cxd4 7. exd4 Bg4 8. Ne2
e6 9. O-O Be7 10. Nd2 O-O 11. Re1 Rac8 12. Nf1 a6 13. Nfg3 Na7 14. f3 Bh5 15.
Nxh5 Nxh5 16. Be3 Nb5 17. Rc1 e5 18. Bf2 Ba3 19. dxe5 Bc5 20. Bxc5 Rxc5 21. Kh1
f5 22. a4 Nc7 23. b4 Rc6 24. Nd4 Rh6 25. Qd2 Ne6 26. a5 Qa7 27. Bb1 Rc8 28. Ba2
Nef4 29. Nxf5 Rg6 30. Ne7+ Kf7 31. Nxg6 hxg6 32. Bxd5+ Ke7 33. h3 Rh8 34. Be4
Rd8 35. Qc2 g5 36. Rcd1 Rxd1 37. Rxd1 Ng3+ 38. Kh2 Nge2 39. Qd2 Qf2 40. Qd8+
Kf7 41. Rd7+ 1-0

[Event "Norway Chess Open Masters 2021"]
[Site "?"]
[Date "2021.09.15"]
[Round "7"]
[White "Paasikangas, Johanna"]
[Black "Kostiukov, Alexandr"]
[Result "1-0"]
[WhiteElo "2163"]
[BlackElo "2281"]
[PlyCount "138"]
[EventDate "2021.09.10"]
[SourceDate "2021.11.06"]
[SourceVersionDate "2021.11.06"]

1. d4 g6 2. Bf4 Bg7 3. e3 d6 4. Nf3 Nc6 5. Bb5 Bd7 6. c3 e5 7. Bg5 f6 8. Bh4
Qe7 9. d5 Nd8 10. Bxd7+ Qxd7 11. e4 Ne7 12. Nbd2 O-O 13. h3 c6 14. c4 b5 15.
dxc6 Qxc6 16. Rc1 Ne6 17. O-O b4 18. Qb3 Nc5 19. Qe3 a5 20. Rfd1 g5 21. Bg3 h6
22. Bh2 f5 23. Re1 Rae8 24. Kh1 a4 25. Rcd1 Qc8 26. Qe2 Nc6 27. Bg1 g4 28. hxg4
fxg4 29. Nh2 h5 30. Ndf1 Nd4 31. Qd2 Qe6 32. Qg5 Qh6 33. Qxh6 Bxh6 34. Ng3 h4
35. Nf5 Bg7 36. Nxg4 Nce6 37. Nxd6 Rd8 38. Nf5 Nxf5 39. exf5 Rxf5 40. Rxd8+
Nxd8 41. f3 Nc6 42. Be3 h3 43. Rd1 hxg2+ 44. Kxg2 Nd4 45. f4 Nc2 46. fxe5 Nxe3+
47. Nxe3 Rxe5 48. Kf3 Rh5 49. b3 Rh2 50. Rg1 Kf7 51. Rg2 Rh3+ 52. Ke4 axb3 53.
axb3 Bh6 54. Nf5 Bf8 55. Rg3 Rh1 56. Kd5 Rd1+ 57. Kc6 Ke6 58. Ne3 Rd3 59. Nf1
Rd1 60. Re3+ Kf7 61. Rf3+ Ke8 62. Ng3 Bg7 63. Kb5 Bc3 64. Ne4 Rb1 65. Nxc3 Rxb3
66. Re3+ Kd7 67. Nd5 Rxe3 68. Nxe3 b3 69. Nd1 Kc7 1-0

[Event "Norway Chess Open Masters 2021"]
[Site "?"]
[Date "2021.09.15"]
[Round "8"]
[White "Hofer, Maximilian"]
[Black "Paasikangas, Johanna"]
[Result "0-1"]
[WhiteElo "2100"]
[BlackElo "2163"]
[PlyCount "106"]
[EventDate "2021.09.10"]
[SourceDate "2021.11.06"]
[SourceVersionDate "2021.11.06"]

1. e4 c5 2. Nf3 d6 3. d4 cxd4 4. Nxd4 Nf6 5. Nc3 g6 6. Be2 Bg7 7. O-O O-O 8.
Be3 Nc6 9. h3 Bd7 10. Qd2 Nxd4 11. Bxd4 Bc6 12. Bf3 a6 13. Rfe1 Rc8 14. Nd5 e6
15. Bb6 Qd7 16. Nxf6+ Bxf6 17. c4 Qe7 18. Rad1 Be5 19. b3 Qf6 20. Qd3 Qh4 21.
Bd4 Bxd4 22. Qxd4 Rcd8 23. Qc3 Qf4 24. g3 Qe5 25. Qd3 Qc5 26. Rd2 Rd7 27. h4
Rfd8 28. Qe3 Kg7 29. Kg2 h6 30. Kg1 Qe5 31. Qd4 Kf6 32. Bg2 Qxd4 33. Rxd4 g5
34. hxg5+ hxg5 35. Red1 g4 36. b4 Ke5 37. Kf1 b5 38. cxb5 Bxb5+ 39. Kg1 Rc8 40.
Bf1 Rc2 41. a4 Bxf1 42. Kxf1 Ra2 43. a5 Rc2 44. b5 axb5 45. Rb4 Rc5 46. Rdb1
Ra7 47. Rxb5 Rxa5 48. Rb7 Kf6 49. Rd7 Rc2 50. Rbb7 Ra1+ 51. Kg2 Rcc1 52. Rxf7+
Ke5 53. Rb5+ Kd4 0-1

[Event "Norway Chess Open Masters 2021"]
[Site "?"]
[Date "2021.09.16"]
[Round "9"]
[White "Paasikangas, Johanna"]
[Black "Gukesh, D."]
[Result "0-1"]
[WhiteElo "2163"]
[BlackElo "2599"]
[PlyCount "160"]
[EventDate "2021.09.10"]
[SourceDate "2021.11.06"]
[SourceVersionDate "2021.11.06"]

1. d4 Nf6 2. c4 g6 3. Nc3 Bg7 4. e4 d6 5. Nf3 O-O 6. Be2 Na6 7. O-O e5 8. Be3
Qe8 9. dxe5 dxe5 10. h3 b6 11. a3 Nh5 12. b4 Nf4 13. c5 Nxe2+ 14. Qxe2 f5 15.
b5 Nxc5 16. Bxc5 bxc5 17. Qc4+ Kh8 18. Qxc5 Bb7 19. Rfe1 Rf7 20. a4 Bf8 21. Qc4
Bd6 22. Rad1 Qg8 23. Re2 g5 24. Nd5 Rd8 25. exf5 Rxf5 26. Qg4 Rdf8 27. Red2 Qg6
28. a5 h5 29. Qe4 Qf7 30. a6 Ba8 31. Qe3 Qg7 32. Re2 g4 33. hxg4 hxg4 34. Nh4
Rg5 35. g3 e4 36. Qxe4 Qf7 37. Qd4+ Kg8 38. Ne3 Bf3 39. Nxf3 gxf3 40. Rc2 Qh7
41. Qc4+ Kh8 42. Qd4+ Be5 43. Qd7 Qg6 44. Rc6 Bd6 45. Rcxd6 cxd6 46. Rxd6 Qb1+
47. Rd1 Qh7 48. Qxh7+ Kxh7 49. Rd7+ Kg6 50. g4 Rxb5 51. Kh2 Rf7 52. Rd4 Rf6 53.
Kg3 Rxa6 54. Kxf3 Rb3 55. Kf4 Rba3 56. Rd5 R3a5 57. Rd7 Ra4+ 58. Kg3 Ra3 59.
Kh4 Ra1 60. Nd5 Rh1+ 61. Kg3 Ra3+ 62. Ne3 a5 63. Kf4 Ra4+ 64. Kf3 Rh3+ 65. Kg2
Rh8 66. Rd6+ Kf7 67. Kg3 Rb4 68. Ra6 a4 69. Ra7+ Ke6 70. f4 Rb3 71. f5+ Ke5 72.
Re7+ Kd4 73. Kf4 a3 74. Nc2+ Kd5 75. Nxa3 Rxa3 76. f6 Kd6 77. Kf5 Rf3+ 78. Kg6
Rh6+ 79. Kxh6 Rxf6+ 80. Kg7 Kxe7 0-1

[Event "Norway Chess Open Masters 2021"]
[Site "?"]
[Date "2021.09.17"]
[Round "10"]
[White "Blomqvist, Erik"]
[Black "Paasikangas, Johanna"]
[Result "1-0"]
[WhiteElo "2536"]
[BlackElo "2163"]
[PlyCount "91"]
[EventDate "2021.09.10"]
[SourceDate "2021.11.06"]
[SourceVersionDate "2021.11.06"]

1. e4 c5 2. Nf3 d6 3. d4 cxd4 4. Nxd4 Nf6 5. Nc3 g6 6. Be3 Bg7 7. f3 O-O 8. Qd2
Nc6 9. O-O-O d5 10. exd5 Nxd5 11. Nxc6 bxc6 12. Bd4 Bxd4 13. Qxd4 Qb6 14. Qe5
Qe3+ 15. Qxe3 Nxe3 16. Re1 Nxf1 17. Rhxf1 Re8 18. Re3 f6 19. Ne4 Kf7 20. Rc3
Bf5 21. Rxc6 Bxe4 22. fxe4 Rec8 23. Ra6 Rc4 24. Re1 Rac8 25. Re2 R8c7 26. b3
Rd4 27. c4 e5 28. Kc2 Rcd7 29. a4 Ke7 30. a5 h5 31. Rf2 R4d6 32. Rxd6 Rxd6 33.
Kc3 Rd4 34. Re2 Ke6 35. b4 f5 36. exf5+ gxf5 37. b5 Rd8 38. c5 Rd5 39. Kb4 Rd4+
40. Kb3 Rd3+ 41. Kb2 e4 42. b6 axb6 43. cxb6 Kd7 44. a6 Rd6 45. b7 Rb6+ 46. Kc1
1-0

[Event "Gambiitin turnaus 2021 Helsinki"]
[Site "?"]
[Date "2021.11.13"]
[Round "1"]
[White "Paasikangas, Johanna"]
[Black "Aura, Kristian"]
[Result "1-0"]
[WhiteElo "2209"]
[BlackElo "1905"]
[PlyCount "51"]
[EventDate "2021.??.??"]
[SourceDate "2021.11.06"]
[SourceVersionDate "2021.11.06"]

1. d4 d5 2. Bf4 c5 3. dxc5 Nc6 4. Nf3 e6 5. Nc3 Bxc5 6. e3 a6 7. Bd3 Nf6 8. O-O
O-O 9. e4 Nb4 10. e5 Nxd3 11. Qxd3 Ne8 12. Ng5 f5 13. Rad1 Bd7 14. Nxd5 Bb5 15.
c4 exd5 16. cxb5 Nc7 17. bxa6 Rxa6 18. a3 h6 19. Nf3 Ne6 20. Bc1 d4 21. b4 Ba7
22. b5 Ra5 23. Qb3 Qb6 24. Nxd4 Re8 25. a4 Kh8 26. Nxf5 1-0

[Event "Gambiitin turnaus 2021 Helsinki"]
[Site "?"]
[Date "2021.11.13"]
[Round "2"]
[White "Hautamaki, Panu"]
[Black "Paasikangas, Johanna"]
[Result "0-1"]
[WhiteElo "1955"]
[BlackElo "2209"]
[PlyCount "150"]
[EventDate "2021.??.??"]
[SourceDate "2021.11.06"]
[SourceVersionDate "2021.11.06"]

1. d4 Nf6 2. Bg5 c5 3. Bxf6 exf6 4. d5 Qb6 5. Qc1 Be7 6. e3 O-O 7. Ne2 f5 8. c3
Re8 9. Nd2 Qd6 10. c4 Bf6 11. g3 Qe5 12. Rb1 d6 13. Bg2 Nd7 14. Qc2 g6 15. Nf3
Qe7 16. h4 h5 17. Nf4 Bg7 18. Ne2 Nf6 19. Kf1 Ng4 20. Kg1 Bd7 21. Nc3 a6 22.
Bh3 b5 23. Bxg4 fxg4 24. Nd2 b4 25. Na4 Bf5 26. Qd1 Bxb1 27. Qxb1 Bh6 28. Kg2
Qf6 29. Qd3 Ra7 30. Kg1 Rae7 31. Nf1 Qf3 32. Rh2 Kh7 33. Rg2 Qe4 34. Qxe4 Rxe4
35. Nd2 R4e7 36. Rh2 Bg7 37. Kf1 Kh6 38. Ke2 g5 39. Kd3 gxh4 40. Rxh4 Kg6 41.
b3 f5 42. Kc2 Bf6 43. Rh1 h4 44. gxh4 Rh7 45. Nb2 Bxb2 46. Kxb2 Reh8 47. Kc2
Rxh4 48. Re1 Rh1 49. Re2 Re8 50. f3 gxf3 51. Nxf3 Rh3 52. Rg2+ Kf6 53. Ng5
Rexe3 54. Ne6 Rxe6 55. dxe6 Kxe6 56. Re2+ Kf6 57. Rd2 Ke5 58. Rd5+ Ke6 59. Rd2
Re3 60. Rh2 Ke5 61. Kd2 Rg3 62. Re2+ Kd4 63. Re6 Rg2+ 64. Kd1 Rxa2 65. Rxd6+
Kc3 66. Rd5 Kxb3 67. Rxc5 f4 68. Rf5 Kxc4 69. Rxf4+ Kb3 70. Rf3+ Ka4 71. Rf6 a5
72. Rf5 b3 73. Kc1 Rc2+ 74. Kb1 Kb4 75. Rf4+ Rc4 0-1

[Event "Gambiitin turnaus 2021 Helsinki"]
[Site "?"]
[Date "2021.11.13"]
[Round "2"]
[White "Paronen, Petteri"]
[Black "Lallukka, Taneli"]
[Result "1/2-1/2"]
[WhiteElo "2022"]
[BlackElo "1972"]
[PlyCount "64"]
[EventDate "2021.??.??"]
[SourceDate "2021.11.06"]
[SourceVersionDate "2021.11.06"]

1. e4 c6 2. d4 d5 3. f3 dxe4 4. fxe4 e5 5. Nf3 Bg4 6. Bc4 Nd7 7. c3 Ngf6 8. O-O
Bd6 9. Nbd2 O-O 10. Bd3 Qc7 11. Qe1 b5 12. Qh4 Rad8 13. a4 a6 14. Re1 Bh5 15.
Nf1 Bg6 16. axb5 axb5 17. Be3 Ra8 18. N1d2 Rfe8 19. Bg5 h6 20. Rxa8 Rxa8 21.
Bxf6 Nxf6 22. Bb1 Nh5 23. Qf2 Nf4 24. Kh1 Qa7 25. Kg1 f6 26. Nh4 Qf7 27. Nxg6
Qxg6 28. Kh1 Kh8 29. Nf3 Ra1 30. g3 Nh3 31. Qg2 Ng5 32. Bd3 Rxe1+ 1/2-1/2

[Event "Gambiitin turnaus 2021 Helsinki"]
[Site "?"]
[Date "2021.11.13"]
[Round "2"]
[White "Viitaniemi, Olli"]
[Black "Suominen, Antti"]
[Result "1-0"]
[WhiteElo "1911"]
[BlackElo "1950"]
[PlyCount "116"]
[EventDate "2021.??.??"]
[SourceDate "2021.11.06"]
[SourceVersionDate "2021.11.06"]

1. c4 e5 2. g3 Nf6 3. Bg2 c6 4. d4 exd4 5. Qxd4 d5 6. Nf3 Be7 7. O-O dxc4 8.
Qxc4 Be6 9. Qc2 O-O 10. Rd1 Qa5 11. Nc3 Na6 12. a3 Qh5 13. Rd4 Nc5 14. Rh4 Qg6
15. Qxg6 hxg6 16. Bg5 Nb3 17. Rd1 Rad8 18. Nd4 Nxd4 19. Rhxd4 Rxd4 20. Rxd4 Bc5
21. Rd2 Ng4 22. Ne4 Bb6 23. Be7 Re8 24. Bc5 Bc7 25. Ng5 Bc4 26. Rd7 Bd8 27. Ne4
Nf6 28. Nxf6+ Bxf6 29. Rxb7 Rxe2 30. Bxc6 Bxb2 31. h4 a6 32. Bf3 Re1+ 33. Kh2
Bf6 34. Rb4 Be6 35. Rb6 Bc4 36. Bb4 Ra1 37. Bc5 Ra2 38. h5 gxh5 39. Bxh5 Bb2
40. a4 Bf6 41. Bd1 Ra1 42. Rb8+ Kh7 43. Bc2+ g6 44. Rb1 Ra2 45. Bd1 Bd5 46. Bb6
Kg7 47. Kh3 Bc6 48. a5 Bc3 49. Bb3 Rd2 50. Rc1 Bd7+ 51. Kg2 Be5 52. Bc4 Bc6+
53. Kf1 Bb7 54. Ke1 Rb2 55. f4 Bf6 56. g4 Rh2 57. g5 Bb2 58. Rb1 Be4 1-0

[Event "Gambiitin turnaus 2021 Helsinki"]
[Site "?"]
[Date "2021.11.14"]
[Round "3"]
[White "Paasikangas, Johanna"]
[Black "Paronen, Petteri"]
[Result "1-0"]
[WhiteElo "2209"]
[BlackElo "2022"]
[PlyCount "85"]
[EventDate "2021.??.??"]
[SourceDate "2021.11.06"]
[SourceVersionDate "2021.11.06"]

1. d4 Nf6 2. c4 Nc6 3. Nf3 d6 4. Nc3 e5 5. d5 Ne7 6. g3 Ng6 7. Bg2 Be7 8. e4
O-O 9. h3 h6 10. Be3 Nh7 11. h4 c5 12. dxc6 bxc6 13. Qd2 Be6 14. b3 Nf6 15. Nh2
Qd7 16. O-O Rfd8 17. Rfd1 Bh3 18. Qe2 Bxg2 19. Kxg2 Qe6 20. Qf3 h5 21. Bg5 Ng4
22. Qf5 Nxh2 23. Qxe6 fxe6 24. Bxe7 Nxe7 25. Kxh2 d5 26. c5 Kf7 27. Kg2 Rab8
28. Rd2 Rb4 29. Rad1 Ng8 30. Re2 d4 31. Na4 Nf6 32. f3 Rg8 33. Nb2 Nd7 34. Nd3
Rb5 35. Rc2 g5 36. hxg5 Rxg5 37. Rh1 Rb8 38. Kf2 Rbg8 39. Rh3 Ke7 40. Rc4 Nf6
41. Ra4 Ra8 42. Ra6 Kd7 43. Nb4 1-0

[Event "Gambiitin turnaus 2021 Helsinki"]
[Site "?"]
[Date "2021.11.14"]
[Round "3"]
[White "Lallukka, Taneli"]
[Black "Viitaniemi, Olli"]
[Result "1-0"]
[WhiteElo "1972"]
[BlackElo "1911"]
[PlyCount "49"]
[EventDate "2021.??.??"]
[SourceDate "2021.11.06"]
[SourceVersionDate "2021.11.06"]

1. e4 c6 2. d4 d5 3. exd5 cxd5 4. c4 Nf6 5. Nc3 e6 6. Nf3 Be7 7. Bf4 O-O 8. c5
Bd7 9. Bd3 b6 10. b4 bxc5 11. bxc5 Qa5 12. Bd2 Qc7 13. O-O Bc6 14. Re1 Nbd7 15.
Qc2 Rab8 16. g3 Rb7 17. Ba6 Nh5 18. Bxb7 Bxb7 19. Rab1 Bf6 20. Nb5 Qc6 21. Nxa7
Qc7 22. Nb5 Qb8 23. Nd6 Nxc5 24. dxc5 Rc8 25. Rxb7 1-0

[Event "Gambiitin turnaus 2021 Helsinki"]
[Site "?"]
[Date "2021.11.14"]
[Round "3"]
[White "Suominen, Antti"]
[Black "Hautamaki, Panu"]
[Result "1-0"]
[WhiteElo "1950"]
[BlackElo "1955"]
[PlyCount "45"]
[EventDate "2021.??.??"]
[SourceDate "2021.11.06"]
[SourceVersionDate "2021.11.06"]

1. e4 e5 2. Nf3 Nf6 3. Nxe5 d6 4. Nf3 Nxe4 5. Nc3 Nxc3 6. dxc3 Be7 7. Bf4 Nc6
8. Qd2 Be6 9. O-O-O Qd7 10. Bb5 a6 11. Ba4 b5 12. Bb3 Bxb3 13. axb3 O-O 14. h4
Bf6 15. Ng5 Ne5 16. Bxe5 Bxe5 17. Qd3 Bf4+ 18. Kb1 f5 19. Qd5+ Kh8 20. Ne6 c6
21. Nxf8 Rxf8 22. Qd4 Bh6 23. Qxd6 1-0

[Event "Gambiitin turnaus 2021 Helsinki"]
[Site "?"]
[Date "2021.11.14"]
[Round "4"]
[White "Lallukka, Taneli"]
[Black "Paasikangas, Johanna"]
[Result "0-1"]
[WhiteElo "1972"]
[BlackElo "2209"]
[PlyCount "116"]
[EventDate "2021.??.??"]
[SourceDate "2021.11.06"]
[SourceVersionDate "2021.11.06"]

1. e4 c5 2. d4 cxd4 3. c3 dxc3 4. Nxc3 d6 5. Nf3 Nc6 6. Bc4 e6 7. O-O Be7 8.
Qe2 a6 9. Rd1 Qc7 10. Be3 Nf6 11. Rac1 O-O 12. h3 Bd7 13. Bd3 Qa5 14. Nd2 d5
15. Nb3 Qb4 16. Bd2 Qd6 17. f4 dxe4 18. Nxe4 Nxe4 19. Bxe4 Qc7 20. Bc3 Rfe8 21.
Qd3 Rad8 22. Bxh7+ Kh8 23. Qg3 Qb6+ 24. Kh1 e5 25. fxe5 Be6 26. Be4 Kg8 27. Qf3
Bg5 28. Rxd8 Rxd8 29. Re1 Rd7 30. Qh5 Bh6 31. g4 Qd8 32. h4 Rd1 33. g5 Rxe1+
34. Bxe1 Bd5 35. Bxd5 Qxd5+ 36. Kg1 Nxe5 37. Nd2 Qd4+ 38. Kf1 g6 39. Qe2 Bg7
40. Ne4 Qd5 41. Bc3 Nd7 42. Nf6+ Nxf6 43. gxf6 Qh1+ 44. Kf2 Qxh4+ 45. Kg1 Bxf6
46. Qe8+ Kg7 47. Qc8 Qg3+ 48. Kf1 Qf3+ 49. Ke1 Bxc3+ 50. bxc3 g5 51. Qc5 Kg6
52. Qd6+ f6 53. Qf8 Qxc3+ 54. Kf1 Qa1+ 55. Kg2 Qxa2+ 56. Kg3 Qe6 57. Qd8 b5 58.
Qd3+ f5 0-1

[Event "Gambiitin turnaus 2021 Helsinki"]
[Site "?"]
[Date "2021.11.14"]
[Round "4"]
[White "Aura, Kristian"]
[Black "Suominen, Antti"]
[Result "0-1"]
[WhiteElo "1905"]
[BlackElo "1950"]
[PlyCount "80"]
[EventDate "2021.??.??"]
[SourceDate "2021.11.06"]
[SourceVersionDate "2021.11.06"]

1. d4 d5 2. Nf3 e6 3. c4 c5 4. cxd5 exd5 5. Nc3 Nc6 6. g3 Nf6 7. Bg2 Be7 8. O-O
O-O 9. Bg5 cxd4 10. Nxd4 h6 11. Be3 Re8 12. Rc1 Bf8 13. Nxc6 bxc6 14. Na4 Bd7
15. Bc5 Bxc5 16. Nxc5 Bg4 17. Re1 Qa5 18. Qa4 Qxa4 19. Nxa4 Bxe2 20. Nc3 Bg4
21. b4 Rab8 22. a3 Kf8 23. f3 Bd7 24. Red1 a5 25. Rb1 Bf5 26. Rb2 Re3 27. Rc1
d4 28. Ne2 Rd8 29. Rd2 Rxa3 30. Rxd4 Re8 31. Nc3 a4 32. Ne4 Bxe4 33. fxe4 Ng4
34. Bf1 Ne5 35. Kf2 Rb8 36. h3 Rb3 37. Ra1 R8xb4 38. Rxa4 Rf3+ 39. Kg2 Rb2+ 40.
Kh1 Rxf1# 0-1

[Event "Areena pitka peli 2021"]
[Site "?"]
[Date "2021.11.18"]
[Round "1"]
[White "Rinne, Heini"]
[Black "Kyburz, Stefan"]
[Result "1/2-1/2"]
[WhiteElo "1903"]
[BlackElo "1949"]
[PlyCount "99"]
[EventDate "2021.??.??"]
[SourceDate "2021.11.06"]
[SourceVersionDate "2021.11.06"]

1. d4 d5 2. c4 c6 3. cxd5 cxd5 4. Nf3 Nf6 5. Nc3 Nc6 6. Bf4 Nh5 7. Bd2 e6 8. e3
Nf6 9. Bb5 Bd6 10. O-O Bd7 11. Bd3 e5 12. e4 Bg4 13. Nxd5 Nxd4 14. Qa4+ Bd7 15.
Qd1 Nxf3+ 16. Qxf3 Nxd5 17. exd5 O-O 18. Rac1 f5 19. Be2 Kh8 20. Qb3 b5 21. Bb4
Qe7 22. Bxd6 Qxd6 23. Rc3 b4 24. Rc2 Rac8 25. Rfc1 Rxc2 26. Rxc2 g6 27. g3 a5
28. a3 Rb8 29. axb4 Rxb4 30. Qd3 Rd4 31. Qc3 Rxd5 32. f4 Be6 33. Bf3 Rd3 34.
Qc6 e4 35. Be2 Rd4 36. Qc3 Kg8 37. Qxa5 Kg7 38. Qc3 Kh6 39. Qc6 Qxc6 40. Rxc6
Rd2 41. Kf1 Bb3 42. h3 Rxb2 43. g4 Rb1+ 44. Kf2 fxg4 45. hxg4 Bd5 46. Rc7 g5
47. fxg5+ Kg6 48. Rd7 Bb7 49. Ke3 Kxg5 50. Rxh7 1/2-1/2